000 00683nam a2200205Ia 4500
003 GCL
008 140319s9999 xx 000 0 ara d
040 _aGCL /
_cGCL
082 0 4 _a001.6425
_bس م
100 1 _aسامى كاظم حسن الرماحى
245 1 0 _aمحو امية الكومبيوتر /
_cسامى كاظم حسن الرماحى
260 _a[S.N] :
_bدار الراتب الجامعية ،
_c1990
300 _a309 ص
490 _a
650 0 4 _aالحاسبات الالكترونية
650 0 4 _aنظم المعلومات
650 0 4 _aبرامج الحاسبات الالكترونية
650 0 4 _aالمعلومات، علم
942 _2ddc
_cBK
999 _c53384
_d53384